| 000 | 00685nam a2200181 a 4500 | ||
|---|---|---|---|
| 001 | 000028319 | ||
| 005 | 20200930031533.0 | ||
| 008 | 110407s1988 dr 000 0 spa d | ||
| 040 |
_aDO-SdBNP _bspa _cBNPHU |
||
| 100 | 1 |
_aCastillo, Luis C. del _955305 |
|
| 245 | 1 | 3 |
_aEl dos de diciembre y tópicos nacionales / _cLuis C. del Castillo. |
| 260 |
_aSanto Domingo : _bFundación Procultura Popular _bEditora Corripio, _c1988. |
||
| 300 |
_av. ; _c24 cm. |
||
| 490 | 1 | _aColección Luis Conrado del Castillo Rodríguez-Objio | |
| 500 | _aLa bibloteca posee el v. 3 | ||
| 500 | _aIncluye notas al pie de las páginas | ||
| 830 | 0 |
_aColección Luis Conrado del Castillo Rodríguez-Objio _955306 |
|
| 999 |
_c27811 _d27811 |
||